10 największych miast w Czechosłowacji - Statystyki

Ogólne statystyki
  • Ten quiz został rozwiązany 894 razy
  • Średni wynik to 6 z 10
Statystyki odpowiedzi
Liczba ludności Miasto % Poprawnych
1 268 796 Praga
100%
425 923 Bratysława
96%
385 913 Brno
76%
296 224 Ostrawa
65%
239 141 Koszyce
59%
170 322 Pilzno
56%
102 754 Liberec
41%
101 003 Ołomuniec
37%
94 314 Hradec Kralove
22%
93 715 Czeskie Budziejowice
21%
Nie znaleziono quizów pasujących do podanych kryteriów
Rozkład punktacji
Procent ludzi z każdym wynikiem
Percentyl według liczby udzielonych odpowiedzi
Twoja historia wyników
Nie rozwiązałeś tego quizu